| 000 | 00791nam a2200229Ii 4500 | ||
|---|---|---|---|
| 003 | JO-AjNU | ||
| 008 | 230605s9999||||xx |||||||||||||| ||und|| | ||
| 017 | _a2004/4/960 | ||
| 020 | _a9957-11-498-0 | ||
| 040 |
_aJO-AjNU _bara _erda _cJO-AjNU |
||
| 041 | _aara | ||
| 050 | 1 | 4 | _aHF5549 .A84 2009 |
| 100 | 3 |
_aعقيلي،عمر وصفي, _eauthor _930844 |
|
| 245 | 0 | 0 | _aادارة الموارد البشرية المعاصرة: بعد استراتيجي |
| 250 | _aط2 | ||
| 264 | 3 | 1 | _aعمان: دار وائل للنشر والتوزيع؛2009 |
| 300 |
_a624ص _bيحتوي على ببلوغرافية من ص623-624ص |
||
| 336 |
_atext _btxt _2rdacontent |
||
| 337 |
_aunmediated _bn _2rdamedia |
||
| 338 |
_avolume _bnc _2rdacarrier |
||
| 650 | 4 |
_aادارة الافراد _930845 |
|
| 999 |
_aA12273 _c15841 _d15841 |
||